[Event "Padova op-B 7th"]
[Site "Padova"]
[Date "2004.12.12"]
[Round "3"]
[White "Palumbo, Giuseppe"]
[Black "Cestonaro, Federico"]
[Result "1/2-1/2"]
[WhiteElo "1652"]
[BlackElo "1535"]
[PlyCount "109"]
[EventDate "2004.12.11"]
[EventType "swiss"]
[EventRounds "6"]
[EventCountry "ITA"]
[SourceTitle "EXT 2023"]
[Source "ChessBase"]
[SourceDate "2022.10.05"]
[SourceVersion "1"]
[SourceVersionDate "2022.10.05"]
[SourceQuality "1"]

1. e4 c5 2. Nf3 Nc6 3. d4 cxd4 4. Nxd4 e5 5. Nb5 d6 6. N1c3 a6 7. Na3 b5 8. Nd5 Be6 9. c4 bxc4 10. Qa4 Bxd5 11. exd5 Qa5+ 12. Qxa5 Nxa5 13. Bd2 Nb7 14. Bxc4 Nf6 15. f3 Nc5 16. 0-0 Na4 17. Rfb1 Nb6 18. b4 Nxc4 19. Nxc4 Nxd5 20. b5 axb5 21. Rxb5 Rc8 22. Nxd6+ Bxd6 23. Rxd5 Ke7 24. a4 Rhd8 25. Kf1 Ke6 26. Rd3 Ra8 27. Ke2 Ra6 28. h3 Rda8 29. a5 Bc5 30. Ra2 Bb6 31. Rda3 Bc7 32. Kd3 Kd5 33. Ra4 f5 34. g3 Re8 35. Rh4 e4+ 36. fxe4+ fxe4+ 37. Ke2 h6 38. Rg4 g5 39. h4 gxh4 40. gxh4 h5 41. Rg5+ Re5 42. Rg7 Bd6 43. Rg6 Re6 44. Rg5+ Re5 45. Rg7 Be7 46. Be1 Kc6 47. Rg6+ Kb5 48. Rxa6 Kxa6 49. Ke3 Rb5 50. Ra4 Bd8 51. Kxe4 Rb1 52. Bg3 Bxa5 53. Bc7 Rb4+ 54. Rxb4 Bxb4 55. Kf5 1/2-1/2

[Event "Padova op-B 7th"]
[Site "Padova"]
[Date "2004.12.11"]
[Round "1"]
[White "Canazza, Alessandro"]
[Black "Cestonaro, Federico"]
[Result "1-0"]
[WhiteElo "1775"]
[BlackElo "1535"]
[PlyCount "79"]
[EventDate "2004.12.11"]
[EventType "swiss"]
[EventRounds "6"]
[EventCountry "ITA"]
[SourceTitle "EXT 2023"]
[Source "ChessBase"]
[SourceDate "2022.10.05"]
[SourceVersion "1"]
[SourceVersionDate "2022.10.05"]
[SourceQuality "1"]

1. g3 Nf6 2. Bg2 e5 3. d3 Bc5 4. e4 d6 5. Ne2 Nc6 6. c3 Bg4 7. h3 Bh5 8. Nd2 0-0 9. 0-0 Re8 10. Kh2 d5 11. Qe1 dxe4 12. dxe4 Qd3 13. g4 Bg6 14. Ng3 Rad8 15. Nb3 Bb6 16. Bg5 Qc2 17. Bxf6 gxf6 18. Rb1 Rd6 19. Qc1 Qxc1 20. Rbxc1 Red8 21. f3 Be3 22. Rc2 h6 23. Re1 Bf4 24. Bf1 h5 25. Kg2 hxg4 26. hxg4 Kg7 27. Bb5 Ne7 28. Nf1 f5 29. exf5 Bh7 30. Nc5 Rb6 31. Ba4 Bg8 32. Bb3 Nc6 33. Ne4 Na5 34. Ba4 f6 35. b4 Nc4 36. Bb3 Na3 37. Rb2 Nc4 38. Rbb1 Na3 39. Rbd1 Bxb3 40. axb3 1-0